000 00316nam a2200121Ia 4500
008 211105s9999 xx 000 0 und d
020 _aVYASA13234
100 _aAchar S. T.
245 0 _aText Book Of Pediatrics In Developing Tropical Pediatrics
250 _a\N
260 _bOrient Longman Ltd
_c\N
300 _a1152p.
999 _c4007
_d4007